00309 a2200133 4500020001800000040001300018082001200031100001900043245003300062260003100095300001100126650002000137700001800157 a9780099284147 aDLCbDLC a823.912 aGreene, Graham aThe tenth mancGraham Greene aLondonbVintage Bookc1985 a158 p. aSpanish fiction aGraham Greene